Score 0/24 Timer 04:00
0 Plays Today
Movie Answer % Correct
______ at the MuseumNight
97.2%
Saturday Night ______ Fever
97.1%
Once ______ a Time in AmericaUpon
96.6%
West ______ StorySide
96.6%
______ Wide ShutEyes
96.5%
Taxi ______Driver
96%
Breakfast at ______ Tiffany's
95.4%
Do the ______ ThingRight
94.8%
The French ______Connection
89.7%
Dog Day ______Afternoon
88.4%
______ CowboyMidnight
84.8%
King ______ Kong
84.8%
Movie Answer % Correct
The Pope of Greenwich ______ Village
83.5%
He Got ______ Game
78.4%
The Pride of the ______ Yankees
72.3%
Bringing ______ the DeadOut
69.9%
American ______ Psycho
68.9%
New ______ CityJack
68.6%
A ______TaleBronx
68.2%
______ GirlWorking
66.9%
______ ChangeQuick
58%
25th ______ Hour
52.7%
Bad ______ Lieutenant
32.7%
Birdman: Or (The Unexpected Virtue of ______ ) Ignorance
31.5%

Today's Daily Dose

Remove Ads.
Support Sporcle.
Get the best of Sporcle when you Go Orange. This ad-free experience offers more features, more stats, and more fun while also helping to support Sporcle. Thank you for becoming a member.

You're not logged in!

Compare scores with friends on all Sporcle quizzes.
OR
Log In

Show Comments

Extras

Top Quizzes Today


Score Distribution

Your Account Isn't Verified!

In order to create a playlist on Sporcle, you need to verify the email address you used during registration. Go to your Sporcle Settings to finish the process.

Report this User

Report this user for behavior that violates our Community Guidelines.

Details: